| 000 | 01002cam a2200217 4500 | ||
|---|---|---|---|
| 001 | WB3819-02 | ||
| 008 | 020522n2002 000 0 eng u | ||
| 035 | _a(Sirsi) u118095 | ||
| 245 | _aVehicular access over common land | ||
| 260 | _c2002 | ||
| 490 |
_aDEFRA News Release _v(191/02) 16 May 2002, (2) |
||
| 520 | _aDraft regulations under the Countryside and Rights of Way Act 2000 s68 have been laid before parliament to clarify procedures for people wishing to obtain a legal right of vehicular access to their premises. The regulations aim to strike a balance between landowners and the owners of premises served by vehicular access, with landowners receiving compensation in return for permanent rights. http://www.defra.gov.uk/news/2002/020516b.htm | ||
| 590 | _aWB | ||
| 650 | _aCOUNTRYSIDE AND RIGHTS OF WAY ACT 2000 | ||
| 650 | _aCOMMON LAND | ||
| 650 | _aVEHICULAR ACCESS | ||
| 650 | _aLANDOWNERS | ||
| 650 | _aRIGHTS OF WAY | ||
| 690 |
_aBoundary disputes _96221 |
||
| 942 | _n0 | ||
| 999 |
_c70331 _d70331 |
||